História histórie

Bibliographic Details
Main Author: Chorvátová, Hana (archeologička) (Author)
Format: Article
Language:Slovak
ISSN:1336-5584
Subjects:

MARC

LEADER 00000nab a2200000 ar4500
001 vtls009167495
003 SK-MaSNL
005 20260305022019.0
008 071214c2007 xo |r|p|||||||000 b|slo
015 |a SNBRB2007/12  |2 snkbucl 
038 |a SNKBUCL 
040 |a SNKBUCL  |b slo  |c SNKBUCL  |e AACR2 
041 0 |a slo 
044 |a xo  |c SK 
080 |a 930  |x (437.3)  |x "18/19"  |x (048)  |2 2001 
080 |a 308  |x (091)  |x (048)  |2 2001 
100 1 |a Chorvátová, Hana  |c (archeologička)  |4 aut  |9 20369 
245 1 0 |a História histórie  |c Hana Chorvátová 
648 7 |a 19.-20. stor.  |2 snkbucl  |9 268609 
650 0 7 |a historiografia  |2 snkbucl  |9 3848 
650 0 7 |a sociálne dejiny  |2 snkbucl  |9 29000 
650 0 7 |a štúdie  |2 snkbucl  |9 92810 
651 7 |a Česko  |2 snkbucl  |9 16753 
655 7 |a recenzie  |2 snkbucl  |9 21907 
773 0 |t Knihy a spoločnosť  |g Štvrtý ročník, č. 10 (2007), s. 4  |x 1336-5584 
787 0 8 |i Rec.:  |a Nodl, Martin, 1968-  |t Dějepisectví mezi vědou a politikou  |d Brno : Centrum pro studium demokracie a kultury, 2007  |z 9788073251123 
852 |a SNK  |b KIS3GCP 
958 |a CZ 
958 |a RC 
999 |c 3288621  |d 3290551